000 00511nam a2200181Ia 4500
003 OSt
005 20260306110545.0
008 210210b1993 xxu||||| |||| 00| 0 eng d
040 _cAL
041 _ahin
082 _a863/142
100 _aVARMA (Ramkumar):
_9199753
_dवर्मा (रामकुमार)
245 _aPrithviraj ki ankhen:
_bपृथ्वीराज की आंखें
260 _aLucknow
_b-
_c1993
690 _aHindi Drama
_9199755
906 _a023519
942 _2ddc
_cBK
999 _c148489
_d148489